| 000 | 01258nam a2200241 4500 | ||
|---|---|---|---|
| 005 | 20160527155333.0 | ||
| 008 | 160527s fr a|||fr|||| 001 m fre d | ||
| 040 |
_aCO-BoUCM _bspa _cSandra Yazo _dSandra Yazo |
||
| 041 | 0 | _afre | |
| 082 | 0 | 4 |
_220 _a848 |
| 092 | _aE40N036 | ||
| 242 | 0 | 0 |
_aBreves lecturas ilustradas _bDecimasexta [-decimaseptima] serie _yspa |
| 245 | 0 | 0 |
_aPetites lectures illustrées _bSeizième [-Dix-Septiéme] Série |
| 260 |
_aParís (Francia) _bImprimerie Divry et Cie. [Imprenta de Divry y Compañía] _c[fecha desconocida] |
||
| 300 |
_a195 ; 196 páginas _c18 x 11 cm. |
||
| 500 | _aDetalles físicos: Encuadernación rígida (holandesa) en cartón duro forrado en papel jaspeado. Lomo de tela texturizada, con adornos en dorado, roturas y raspaduras. Guardas. Anteportada. Portada. Texto impreso en una sola columna, incluye ilustraciones. Papel manchado | ||
| 520 | _aColección de fascículos con lecturas, en prosa y verso, de carácter, instructivo y formativo, sobre variedad de materias y temas de interés | ||
| 546 | _aTexto en francés | ||
| 650 | 7 |
_97794 _aLiteratura francesa |
|
| 650 | 7 |
_911112 _aColecciones de escritos |
|
| 690 |
_aLiteratura europea _926524 |
||
| 942 |
_2LOCAL _cLIBRO _e1 _hE40N036 |
||
| 999 |
_c303528 _d303528 |
||